| 000 | 00926nam a22003137a 4500 | ||
|---|---|---|---|
| 003 | CHAP | ||
| 005 | 20220329133047.0 | ||
| 008 | 971013s1982 sp r 00010 spa d | ||
| 010 | _a1717 | ||
| 011 | _a2689 | ||
| 035 | _a1884 | ||
| 040 | _cCHAP | ||
| 082 | 0 | 4 |
_a635.8 _bG3 1982 |
| 100 | 0 | 0 |
_aGarcía Rollán, Mariano. _946546 |
| 245 | 1 | _aManual para buscar setas | |
| 250 | _a2 ed. | ||
| 260 |
_aMadrid : _bPublicaciones de Extensión Agraria, _c1982 |
||
| 300 |
_a439 p. _b: il. |
||
| 590 |
_aBATCH-UPD _b10 _c20130110 _lUCH01 _h1112 |
||
| 590 |
_aBATCH-UPD _b10 _c20130410 _lUCH01 _h0703 |
||
| 590 |
_aBATCH-UPD _b10 _c20130914 _lUCH01 _h1620 |
||
| 590 |
_aCONVERSION _b10 _c20130109 _lUCH01 _h1302 |
||
| 650 | 0 | 4 |
_aHongos comestibles. _956124 |
| 650 | 0 | 4 |
_aHongos _xIdentificación. _956105 |
| 650 | 1 | 4 |
_aSetas. _9105368 |
| 901 | _aBK | ||
| 942 | _cLIBRO | ||
| 949 |
_a635.8 G3 1982 _bBC _cC _d33724000648499 _eC _h79377 _i1884 _sb |
||
| 999 |
_c1717 _d1717 |
||